Scrambled Country Names 3# - Statistics

General Stats
  • This quiz has been taken 41 times
  • The average score is 15 of 20
Answer Stats
Hint Answer % Correct
AWANRD Rwanda
100%
NEBNI Benin
97%
EYMEN Yemen
97%
NHAGA Ghana
94%
NKAEY Kenya
91%
YUSRCP Cyprus
88%
WTAIKU Kuwait
84%
TGAULRPO Portugal
81%
AEAOIDMCN Macedonia
78%
AANEGDR Grenada
72%
OKOHNNGG Hong Kong
72%
NBEIRU Brunei
69%
THOEOSL Lesotho
69%
NTNREOEGOM Montenegro
69%
AUEPEAUWIANPNG Papua New Guinea
66%
RAONDAR Andorra
56%
YIOCVRAOST Ivory Coast
56%
EAEIOSDANUMRETAFTTICS United States Of America
56%
TNOEKAROHR North Korea
50%
RSAIAUAABID Saudi Arabia
50%
No matching quizzes found
Score Distribution
Percent of People with Each Score
Percentile by Number Answered
Your Score History
You have not taken this quiz